| 000 | 00740nam a2200193Ia 4500 | ||
|---|---|---|---|
| 005 | 20251020182559.0 | ||
| 008 | 200515s9999 xx 000 0 und d | ||
| 082 | _aSC/331.822.70/O65 | ||
| 110 | _aOIT | ||
| 245 | 0 | _aSeguridad en la Construcción : manual para delegados de obra en seguridad e higiene | |
| 260 | _aMontevideo | ||
| 260 | _c1998 | ||
| 300 | _a93 | ||
| 520 | _aContenido: Marco legal. Normativa vigente en la industria de la construcción. Instituciones Públicas. Riesgos eléctricos. Andamios y plataformas de trabajo. Accesos temporales. Barandas, rodapiés, redes y mallas. Demoliciones, Excavaciones y apuntalamient | ||
| 650 | _aMANUALES | ||
| 650 | _aPUB OIT | ||
| 650 | _aSEGURIDAD DEL TRABAJO | ||
| 942 | _cLIB | ||
| 999 |
_c2998 _d2998 |
||